Non-self-adjoint boundary eigenvalue problems. (Record no. 29341)

000 -LEADER
fixed length control field 00677 a2200193 4500
020 ## - INTERNATIONAL STANDARD BOOK NUMBER
International Standard Book Number 0444514473
020 ## - INTERNATIONAL STANDARD BOOK NUMBER
International Standard Book Number 9780444514479
082 04 - DEWEY DECIMAL CLASSIFICATION NUMBER
Classification number 515.35
090 ## - LOCALLY ASSIGNED LC-TYPE CALL NUMBER (OCLC); LOCAL CALL NUMBER (RLIN)
-- 712
-- 712
100 1# - MAIN ENTRY--PERSONAL NAME
Personal name Mennicken, R.
245 10 - TITLE STATEMENT
Title Non-self-adjoint boundary eigenvalue problems.
Number of part/section of a work Volume 192 /
Statement of responsibility, etc. R. Mennicken, M. Möller.
260 ## - PUBLICATION, DISTRIBUTION, ETC.
Place of publication, distribution, etc. [S.l.] :
Name of publisher, distributor, etc. North Holland,
Date of publication, distribution, etc. 2003.
300 ## - PHYSICAL DESCRIPTION
Extent 518 p. ;
Dimensions 25 cm.
490 ## - SERIES STATEMENT
Series statement North-holland mathematics studies.
700 ## - ADDED ENTRY--PERSONAL NAME
Personal name Mennicken, R.
830 1# - SERIES ADDED ENTRY--UNIFORM TITLE
Uniform title Möller, M. 0
-- North-holland mathe
942 ## - ADDED ENTRY ELEMENTS (KOHA)
Institution code [OBSOLETE] SNS
Koha item type Book
Call number prefix 515.35 MEN
Holdings
Withdrawn status Lost status Damaged status Not for loan Permanent Location Current Location Date acquired Total Checkouts Full call number Barcode Date last seen Price effective from Koha item type
        School of Natural Sciences (SNS) School of Natural Sciences (SNS) 05/26/2016   515.35 MEN SNS0000873 05/26/2016 05/26/2016 Book
© 2023 Central Library, National University of Sciences and Technology. All Rights Reserved.